00315nam a2200133Ia 4500008004100000041000800041082001600049100001500065245004400080260001700124300000800141365001700149700001500166230718s9999 xx 000 0 und d aeng a658.45bMCL aMcleary J. aBy The Numbers Usings Facts And Figures c2000bAmacom a286 cRs.b1085.55 aMcleary J.